| 000 | 00638nam a2200241Ia 4500 | ||
|---|---|---|---|
| 003 | OSt | ||
| 005 | 20230518095345.0 | ||
| 008 | 210423s2013 xx 000 0 und d | ||
| 020 | _a978-1-4496-6133-5 | ||
| 040 | _cAL | ||
| 041 | _aeng | ||
| 082 |
_a613.2 INSD _223 |
||
| 100 |
_aINSEL (Paul);ROSS (Don);MCMAHON (Kimberley) _9107620 |
||
| 245 | _aDiscovering nutrition | ||
| 250 | _a4 | ||
| 260 |
_aUSA _bJones & Bartlett Publishers _c2013 |
||
| 300 |
_axxx,688 _bPB |
||
| 365 |
_b4551 _cUSD |
||
| 650 |
_aHealth Promotion _9107621 |
||
| 650 |
_aMedical Sciences _9107622 |
||
| 906 | _aDiscovering ; nutrition | ||
| 942 |
_2ddc _cBK |
||
| 999 |
_c165003 _d165003 |
||